000 00464nam a2200169 i 4500
001 74004
003 ES-MaACL
005 20230906172003.0
007 t|
008 040914s1933 sp ||||1| spa d
100 1 _aGonzález, José María.
_958338
245 1 3 _aEl día de Colón y de la Paz /
_cColumbia (seud.).
250 _a2ª ed.
260 _aOviedo :
_b[s.n.,
_c1933] (
_f"La Cruz")
300 _a270 p. ;
_c21 cm.
852 _aES-MaACL
_jD-5613
_bR.29826
999 _c74004
_d74004